000 01642namaa22003371i 4500
005 20260607111542.0
008 260430s1995 ua a|||frm||| 000 0 eng d
040 _aEG-GICUC
_beng
_cEG-GICUC
_dEG-GICUC
_erda
041 0 _aeng
_beng
_bara
049 _aDeposit
097 _aPh.D
099 _aCai01.12.14.Ph.D.1995.He.E.
100 0 _aHesham Ahmed Yousef,
_epreparation.
245 1 0 _aEffect Of Some Antibiotics On Biochemical Aspects And Ultrastructure Of The Flight Muscle Mitochondria Of The Blow Fly Chrysomya Albiceps (Wied) /
_cBy Hesham Ahmed Yousef; Supervisor Prof.Dr. Refaat Abu EL-Ella, Prof. Dr. Badr Ashour, Assis. Prof. Afaf Abd EL-Meguid, Prof. Taha Bassal.
246 1 5 _aتأثير بعض المضادات الحيوية على المظاهر البيوكيميائية والتركيب الدقيق لميتوكوندريا عضلات الطيران لذبابة كريزوما البيسبس
264 0 _c1995.
300 _a152 Leaves :
_billustrations ;
_c30 cm. +
336 _2rda content
_atext
337 _2rdamedia
_aUnmediated
338 _2rdacarrier
_avolume
502 _aThesis (Ph.D)-Cairo University, 1995.
504 _aBibliography: pages 127-152.
653 0 _aEntomology
700 0 _aRefaat Abu EL-Ella
_ethesis advisor.
700 0 _aBadr Ashour
_ethesis advisor.
700 0 _aAfaf Abd EL-Meguid
_ethesis advisor.
700 0 _aTaha Bassal
_ethesis advisor.
900 _DDepartment of Entomology
_FFaculty of Science
_UCairo University
_b1995
_cRefaat Abu EL-Ella
_cBadr Ashour
_cAfaf Abd EL-Meguid
_cTaha Bassal
905 _aEman El gebaly
_eNourhan
942 _2ddc
_cTH
_e21
_n0
999 _c179859